000 00737nas a2200229 4500
001 BR9600746
003 BR-BrBNA
005 20231205095658.0
007 ta
008 230509b bl.|||p| |||| 00| 00por d
040 _aBR-BrBNA
_bpor
_cBiblioteca Nacional de Agricultura
041 _a(Pt)
072 _aL53
100 1 _aCoelho, C.M.
245 1 _aManejo reprodutivo de animais silvestres em cativeiro (enfase em felideos e psitacideos)
650 _aAnimal Selvagem
650 _aReproducao Animal
650 _aCriacao em Cativeiro
773 0 _tRevista Brasileira de Reproducao Animal (Brazil)
_xISSN 0102-0803
_g(1995), v. 19(1-2) p. 123-130
_wBR9600746
909 _a202311
_bLúcia
_c55
_dLúcia Elande
942 _2AGRIS
_n0
_cANA
999 _c152082
_d152082